Science Quiz

Random Science Quiz
Score 0/20 Timer 13:00
0 Plays Today
Question Answer % Correct
do humans have estrous cycles?NO, ADRIENNE....
100%
ratio of amount of androgens in males to women10:1
57.1%
the absence of hormones means it's what system?Mullerian
57.1%
the defeminization hormone isanti-mullerian
57.1%
is there higher concordance rate for MZ homosexual twins than DZ homosexual twinsfo sho'
57.1%
AIS means that someone with XY does not have what hormones/no receptors for this hormoneandrogens, duh
42.9%
what gene on the Y chromosome is the determining factor for testis?SRY (haha, that's like sorry)
42.9%
puberty is associated with what hormonegonadotrophin
42.9%
GnRH induces the pituitary to secrete what hormones?FSH LH
42.9%
what is released during male ejaculation and may mediate male sexual refractory periodprolactin
42.9%
Question Answer % Correct
Bruce=?MIKE
42.9%
what is larger in males and homosexual males than femalesstria terminalis
42.9%
a steriod hormone produced by the ovary that maintains the endometrial lining of the uterusprogesterone
42.9%
what is 3-7x larger in malesMPA
42.9%
SCN and anterior commissure is bigger in whom?females and homosexuals
42.9%
what area contains testosterone receptorsMPA
28.6%
increased fos production in the VMH is caused bySEX
28.6%
pathway of vomeronasal organvomeronasal organ olfactory bulb amygdala hypothalamus
28.6%
electrical stimulation of VMH produceslordosis
14.3%
what does SPZ stand for?supa phresh zuerons
0%
Remove Ads.
Support Sporcle.
Get the best of Sporcle when you Go Orange. This ad-free experience offers more features, more stats, and more fun while also helping to support Sporcle. Thank you for becoming a member.

You're not logged in!

Compare scores with friends on all Sporcle quizzes.
OR
Log In

Show Comments

Extras

Created Nov 13, 2010ReportNominate
Tags:brain

Top Quizzes Today


Score Distribution

Your Account Isn't Verified!

In order to create a playlist on Sporcle, you need to verify the email address you used during registration. Go to your Sporcle Settings to finish the process.

Report this User

Report this user for behavior that violates our Community Guidelines.

Details: